Principles of farm mechanics / (Record no. 5290)

MARC details
000 -LEADER
fixed length control field 00752cam a22002531 4500
001 - CONTROL NUMBER
control field BD-DhSAU 5290
003 - CONTROL NUMBER IDENTIFIER
control field BD-DhSAU
005 - DATE AND TIME OF LATEST TRANSACTION
control field 20150415104853.0
008 - FIXED-LENGTH DATA ELEMENTS--GENERAL INFORMATION
fixed length control field 781108s1930 nyua 000 0 eng
040 ## - CATALOGING SOURCE
Original cataloging agency BD-DhSAU
050 00 - LIBRARY OF CONGRESS CALL NUMBER
Classification number S675
Item number .S48
082 ## - DEWEY DECIMAL CLASSIFICATION NUMBER
Classification number 631.3
Edition number 22
Item number SHP
100 1# - MAIN ENTRY--PERSONAL NAME
Personal name Sharp, M. A.
245 10 - TITLE STATEMENT
Title Principles of farm mechanics /
Statement of responsibility, etc. M. A. Sharp and W. M. Sharp.
260 ## - PUBLICATION, DISTRIBUTION, ETC. (IMPRINT)
Place of publication, distribution, etc. New York :
Name of publisher, distributor, etc. J. Wiley & Sons, inc. ;
Place of publication, distribution, etc. London :
Name of publisher, distributor, etc. Chapman & Hall, ltd.,
Date of publication, distribution, etc. 1930.
300 ## - PHYSICAL DESCRIPTION
Extent xx, 269 p. :
Other physical details ill. ;
Dimensions 21 cm.
504 ## - BIBLIOGRAPHY, ETC. NOTE
Bibliography, etc include index
590 ## - Name of Cataloguer
Name of Cataloger tamanna
650 #0 - SUBJECT ADDED ENTRY--TOPICAL TERM
Topical term or geographic name as entry element Agricultural engineering.
650 #0 - SUBJECT ADDED ENTRY--TOPICAL TERM
Topical term or geographic name as entry element engineering
650 #0 - SUBJECT ADDED ENTRY--TOPICAL TERM
Topical term or geographic name as entry element Agricultural machinery.
700 ## - ADDED ENTRY--PERSONAL NAME
Personal name Sharp, W. M.
740 0# - ADDED ENTRY--UNCONTROLLED RELATED/ANALYTICAL TITLE
Uncontrolled related/analytical title Farm mechanics, Principles of.
942 ## - ADDED ENTRY ELEMENTS (KOHA)
Source of classification or shelving scheme Dewey Decimal Classification
Koha item type Book
Holdings
Withdrawn status Lost status Source of classification or shelving scheme Damaged status Not for loan Collection code Home library Branch Name Shelving location Date acquired Total Checkouts Full call number Barcode Date last seen Price effective from Koha item type
    Dewey Decimal Classification   Not For Loan Reference SAU Library SAU Library Reference 02/04/1979   631.3 SHP 2779 15/04/2015 15/04/2015 Book